North American Cities by Clue - Statistics

General Stats
  • This quiz has been taken 66 times
  • The average score is 7 of 13
Answer Stats
Clues City % Correct
Potomac River, Supreme Court, Pennsylvania Avenue Washington, D.C.
97%
Hartsfield-Jackson, 1996 Olympics, Falcons Atlanta
82%
Motor City, Bankrupt, Blight Busters Detroit
81%
CN Tower, Lake Ontario, Casa Loma Toronto
81%
Lake Texcoco,Tenochtitlan, Polanco Mexico City
69%
Alamo, Balcones Fault, Valero San Antonio
65%
Straits of Florida, Rome of the Caribbean, Plaza Vieja Havana
60%
Quintana Roo, Caribbean Sea, Tourism Cancun
39%
Stanley Park, TED, Burrard Peninsula Vancouver
34%
Gulf of Gonave, Arawaks, 7.0 Earthquake Port-au-Prince
23%
Labrador Sea, Arctic Circle, Ameralik Span Nuuk
16%
Choluteca River, Hurricane Mitch, Colonias and Barrios Tegucigalpa
10%
Joseph of Nazareth, Culture Square, Chepe San Jose
5%
No matching quizzes found
Score Distribution
Percent of People with Each Score
Percentile by Number Answered
Your Score History
You have not taken this quiz